Černý led /

Main Author: Connelly, Michael, 1956-
Other Authors: Gross, Zbyněk
Language: Czech
Published: Ostrava : Domino, 2000
Edition: Vyd. 1.
Online Access: Digitalizovaný dokument
Physical Description: 304 s. ; 21 cm
Book
Saved in:
LEADER 01151nam a2200325 a 4500
001 000472903
003 CZ BrMZK
005 20061102071539.0
007 ta
008 010907s2000 xr g f cze d
015 |a cnb000964084 
020 |a 80-86128-78-4 
035 |a (OCoLC)85001447 
040 |a BOA001  |b cze 
072 7 |a 821.111(73)-3  |x Americká próza  |2 Konspekt  |9 25 
080 |a 821.111(73)-31  |2 MRF 
080 |a (0:82-312.4)  |2 MRF 
100 1 |a Connelly, Michael,  |d 1956-  |7 jo2004213785  |4 aut 
245 1 0 |a Černý led /  |c Michael Connelly ; [z angličtiny přeložil Zbyněk Gross] 
250 |a Vyd. 1. 
260 |a Ostrava :  |b Domino,  |c 2000 
300 |a 304 s. ;  |c 21 cm 
655 7 |a americké romány  |7 fd131796  |2 czenas 
655 7 |a detektivní romány  |7 fd132010  |2 czenas 
700 1 |a Gross, Zbyněk  |7 xx0019058  |4 trl 
765 0 |t <<The >>black ice 
856 4 1 |u http://www.digitalniknihovna.cz/mzk/uuid/uuid:ffc47320-3730-11e4-8e0d-005056827e51  |y Digitalizovaný dokument  |x NDK 
910 |a BOA001  |b 2-1071.236 
990 |a BK 
996 6 |b 2610111669  |c 2-1071.236  |l MZK  |r Sklad / do 1 hodiny  |n 6  |p p.v.  |w 000472903  |u 000010  |a 1  |e BOA001  |j MZK50  |s P